[Event "Ì11Ï"]
[Site "Loo"]
[Date "2017.04.25"]
[Round "6.4"]
[White "Ñåðåáðÿêîâ, Ñàââà."]
[Black "Ä¸ìèíîâ, Èëüÿ."]
[Result "0-1"]
[WhiteElo "1432"]
[BlackElo "1554"]
[PlyCount "76"]
[EventDate "2017.04.20"]

1. e4 c6 2. d4 d5 3. exd5 cxd5 4. c4 Nc6 5. Nf3 dxc4 6. d5 Nb8 7. Bxc4 Nd7 8.
Nc3 Ngf6 9. Bf4 a6 10. O-O g6 11. Re1 Nh5 12. Bd6 Nb6 13. Bc5 Nxc4 14. Qa4+ b5
15. Nxb5 Bd7 16. Qxc4 axb5 17. Qe2 Rc8 18. Bxe7 Bxe7 19. d6 Be6 20. dxe7 Qxe7
21. Qxb5+ Kf8 22. Qa6 Kg7 23. Nd4 Bc4 24. Qxg6+ hxg6 25. Rxe7 Bxa2 26. b3 Ra8
27. g3 Kf6 28. Rb7 Rhc8 29. Ne2 Rc2 30. Kf1 Kg7 31. Ke1 Re8 32. Kd1 Rexe2 33.
h4 Nf6 34. Rc7 Rcd2+ 35. Kc1 Bxb3 36. Kb1 Nd5 37. Rc5 Rd1+ 38. Rc1 Nc3# 0-1

[Event "Ì11Ï"]
[Site "Loo"]
[Date "2017.04.25"]
[Round "6.5"]
[White "Ìèõàéëåíêî, Íèêèòà."]
[Black "Áóíèí, Ñåðàôèì."]
[Result "1/2-1/2"]
[WhiteElo "1428"]
[BlackElo "1502"]
[PlyCount "123"]
[EventDate "2017.04.20"]

1. e4 c5 2. Nf3 Nc6 3. Bb5 e6 4. c3 Nge7 5. d4 cxd4 6. cxd4 d5 7. e5 g6 8. Bg5
Bg7 9. Qc1 Bd7 10. Qc5 Qb6 11. Bxc6 Nxc6 12. Qxb6 axb6 13. Nc3 Na5 14. Nd2 h6
15. Be3 b5 16. b4 Nc4 17. Nxc4 bxc4 18. a4 Bf8 19. b5 Bb4 20. Kd2 Kf8 21. Rhb1
Ba5 22. f4 Kg7 23. Kc2 f6 24. exf6+ Kxf6 25. h4 Be8 26. Bd2 Kg7 27. Ne2 g5 28.
Kc1 Bxd2+ 29. Kxd2 g4 30. a5 Bg6 31. Rb4 Rhc8 32. g3 Rd8 33. Nc3 Rd6 34. Rba4
Rd7 35. a6 bxa6 36. Rxa6 Re8 37. Ra7 Rxa7 38. Rxa7+ Kf8 39. b6 Rb8 40. Na4 Ke8
41. b7 Kd7 42. Nc5+ Kc6 43. Ra8 Rxb7 44. Nxb7 Kxb7 45. h5 Bxh5 46. Rh8 Bg6 47.
Rxh6 Bf5 48. Kc3 Kb6 49. Rh8 Kb5 50. Rb8+ Ka4 51. Rb7 Ka5 52. Rb4 Ka6 53. Kb2
Ka5 54. Rb8 Ka4 55. Kc3 Ka5 56. Rb2 Ka4 57. Rb7 Ka5 58. Rg7 Ka4 59. Rg8 Ka5 60.
Rh8 Ka4 61. Rh4 Kb5 62. Rh8 1/2-1/2

[Event "Ì11Ï"]
[Site "Loo"]
[Date "2017.04.25"]
[Round "6.6"]
[White "Ðàêèòèí, Äàíèèë."]
[Black "Áàëàÿí, Ýäóàðä."]
[Result "0-1"]
[WhiteElo "1663"]
[BlackElo "1473"]
[PlyCount "172"]
[EventDate "2017.04.20"]

1. e4 c5 2. Nf3 e6 3. d4 cxd4 4. Nxd4 Nf6 5. Nc3 Bb4 6. f3 d5 7. e5 Nfd7 8. f4
Qa5 9. Bd2 Qb6 10. Nb3 Nc5 11. Be3 Qc7 12. Nxc5 Bxc5 13. Bxc5 Qxc5 14. Nb5 O-O
15. Qd2 Bd7 16. Nd6 Qb6 17. c4 Bc6 18. a3 Qb3 19. Be2 Rd8 20. O-O Nd7 21. cxd5
Bxd5 22. Bf3 Bxf3 23. Rxf3 Qb6+ 24. Kh1 f6 25. exf6 Nxf6 26. Rd3 Rd7 27. Nc4
Rxd3 28. Qxd3 Qc7 29. Qe2 Qxf4 30. Qxe6+ Kh8 31. Nd6 h6 32. h3 Rf8 33. Re1 Nh5
34. Ne4 Qh4 35. Rg1 Nf4 36. Qg4 Qxg4 37. hxg4 Nd3 38. Rd1 Nf2+ 39. Nxf2 Rxf2
40. b4 Rf7 41. Kh2 Kh7 42. Rd6 Rc7 43. Rd4 a6 44. a4 Rc6 45. Kg3 Kg6 46. Rd7
Rb6 47. Rd4 Kf6 48. Kf3 Ke5 49. Ke3 g5 50. g3 Rc6 51. Re4+ Kd5 52. Re7 Rc3+ 53.
Kf2 b5 54. axb5 axb5 55. Rb7 Kc4 56. Rb6 Rc2+ 57. Kf3 Rh2 58. Ke4 Kxb4 59. Kf5
Kc5 60. Rb8 Rh3 61. Rc8+ Kb4 62. Rc6 Kb3 63. Rb6 b4 64. Rb8 Rxg3 65. Rb7 Kc3
66. Rb6 Rh3 67. Ke4 b3 68. Rc6+ Kb2 69. Rb6 Kc2 70. Kf5 b2 71. Kg6 Rh2 72. Rb8
Kc1 73. Rc8+ Rc2 74. Rb8 Rc6+ 75. Kh5 Rc5 76. Rf8 b1=Q 77. Rf1+ Kc2 78. Rxb1
Kxb1 79. Kg6 Kc2 80. Kxh6 Kd3 81. Kg6 Ke4 82. Kh6 Kf4 83. Kh5 Kg3 84. Kg6 Kxg4
85. Kf6 Kf4 86. Kg6 g4 0-1

[Event "Ì11Ï"]
[Site "Loo"]
[Date "2017.04.25"]
[Round "6.7"]
[White "Êóçüìèíûõ, Íèêèòà."]
[Black "Øèíêàðîâ, Àðòåì."]
[Result "1-0"]
[WhiteElo "1585"]
[BlackElo "1451"]
[PlyCount "61"]
[EventDate "2017.04.20"]

1. e4 e6 2. d4 d5 3. Nd2 c5 4. exd5 exd5 5. Ngf3 a6 6. Be2 c4 7. c3 Bd6 8. O-O
Ne7 9. b3 b5 10. Bb2 Nbc6 11. a4 Bb7 12. axb5 axb5 13. Qc2 f6 14. Rxa8 Bxa8 15.
bxc4 bxc4 16. Nh4 O-O 17. Nf5 Nxf5 18. Qxf5 Kh8 19. f4 Ne7 20. Qg4 Re8 21. f5
Nxf5 22. Rxf5 Qe7 23. Rf2 Qe3 24. Nf1 Qe7 25. Bd1 Rb8 26. Re2 Qc7 27. Qf5 Rf8
28. Bc2 g6 29. Qh3 Kg7 30. Bc1 Kg8 31. Bh6 1-0

[Event "Ì11Ï"]
[Site "Loo"]
[Date "2017.04.25"]
[Round "6.8"]
[White "Ðàæáàäèíîâ, Ðàñóë."]
[Black "Êè÷èí, Àëåêñàíäð."]
[Result "0-1"]
[WhiteElo "1442"]
[BlackElo "1576"]
[PlyCount "92"]
[EventDate "2017.04.20"]

1. e4 c5 2. Nf3 e6 3. d4 cxd4 4. Nxd4 a6 5. Bd3 Nf6 6. O-O d6 7. c4 b6 8. Nc3
Be7 9. b3 Bb7 10. Bb2 O-O 11. Qe2 Nbd7 12. Rae1 Rc8 13. Kh1 Qc7 14. f4 Nc5 15.
Bb1 Qd7 16. b4 Na4 17. e5 Nxb2 18. exf6 Bxf6 19. Qc2 g6 20. Qxb2 Bxd4 21. Bd3
b5 22. Qd2 bxc4 23. Bc2 Bg7 24. Ne4 Bxe4 25. Rxe4 d5 26. Rc1 Qb7 27. Re5 c3 28.
Qf2 Rfd8 29. Qh4 Qxb4 30. Ree1 Qc5 31. Bb3 Qc7 32. Re3 d4 33. Rh3 h6 34. Bc2
Rd5 35. Qg4 Rcd8 36. Rd3 Rf5 37. Rf1 e5 38. Rxd4 Rxd4 39. Bxf5 gxf5 40. Qxf5
Rxf4 41. Rxf4 exf4 42. Qc2 Qe7 43. h3 Qe1+ 44. Kh2 f3 45. Qd3 Be5+ 46. g3 Bxg3#
0-1

[Event "Ì11Ï"]
[Site "Loo"]
[Date "2017.04.25"]
[Round "6.9"]
[White "Îñèïåíêî, Èâàí."]
[Black "Êî÷åòîâ, Âÿ÷åñëàâ."]
[Result "1-0"]
[WhiteElo "1390"]
[BlackElo "1561"]
[PlyCount "153"]
[EventDate "2017.04.20"]

1. d4 c5 2. d5 g6 3. e4 d6 4. Nc3 Bg7 5. Bd2 Nf6 6. f4 O-O 7. Nf3 e6 8. Be2
exd5 9. exd5 Na6 10. O-O Nc7 11. Be1 a6 12. a4 b6 13. Ng5 h6 14. Nf3 Bb7 15.
Bc4 Qd7 16. Qd3 Rab8 17. Ra3 Bc8 18. Rb3 Qf5 19. Bd2 Qxd3 20. Bxd3 Ncxd5 21.
Nxd5 Nxd5 22. Re1 Be6 23. c4 Nf6 24. Nh4 Rfe8 25. f5 Bxf5 26. Rxe8+ Rxe8 27.
Nxf5 gxf5 28. Rxb6 Ng4 29. g3 Ne5 30. Be2 Nd7 31. Rxd6 Rxe2 32. Kf1 Re7 33.
Rxa6 Ne5 34. b3 Nf3 35. Bf4 Rb7 36. Ra8+ Kh7 37. a5 Nd4 38. a6 Rb6 39. Bc7 Rc6
40. a7 Ra6 41. Bb6 Nc6 42. Bxc5 Bc3 43. Rf8 Nxa7 44. Rxf7+ Kg6 45. Rxa7 Rxa7
46. Bxa7 Kf6 47. c5 Ke5 48. Ke2 Kd5 49. Kd3 Be5 50. b4 f4 51. gxf4 Bxf4 52. h3
Kc6 53. Kc4 Kb7 54. Bb6 Kc6 55. b5+ Kb7 56. Ba5 Be3 57. c6+ Ka7 58. Kd5 Kb8 59.
b6 Kc8 60. c7 Kb7 61. Kd6 Kc8 62. Kc6 Bxb6 63. Kxb6 h5 64. h4 Kd7 65. Kb7 Ke6
66. c8=Q+ Ke5 67. Qd7 Ke4 68. Qd6 Kf5 69. Qe7 Kf4 70. Qe6 Kf3 71. Qe5 Kg4 72.
Qf6 Kh3 73. Qg5 Kh2 74. Bb6 Kh3 75. Bf2 Kh2 76. Qg1+ Kh3 77. Qg3# 1-0

[Event "Ì11Ï"]
[Site "Loo"]
[Date "2017.04.25"]
[Round "6.10"]
[White "Ìàòâååâ, Àíäðåé."]
[Black "Âîëîøêèí, Äàíèèë."]
[Result "1-0"]
[WhiteElo "1512"]
[BlackElo "1418"]
[PlyCount "75"]
[EventDate "2017.04.20"]

1. e4 c5 2. Nf3 d6 3. d4 cxd4 4. Nxd4 Nf6 5. Nc3 a6 6. Be3 e5 7. Nf3 Be7 8. Bc4
O-O 9. Qd2 b5 10. Bd5 Nxd5 11. Qxd5 Qd7 12. Qxa8 Bb7 13. Qa7 Nc6 14. Qb6 Bd8
15. Nxe5 Nxe5 16. Qd4 Nc4 17. Nd5 Qg4 18. O-O Re8 19. f3 Qc8 20. Bf2 Re6 21.
Rfe1 Rg6 22. Kh1 Ne5 23. c3 Bg5 24. Bg3 Nc6 25. Qd3 Bd8 26. e5 dxe5 27. Bxe5
Nxe5 28. Rxe5 Re6 29. Rae1 Rxe5 30. Rxe5 g6 31. Re8+ Kg7 32. Qd4+ Kh6 33. Ne7
f5 34. Ng8+ Kh5 35. g4+ fxg4 36. Re5+ Kh4 37. Qf2+ Kh3 38. Qg3# 1-0

[Event "Ì11Ï"]
[Site "Loo"]
[Date "2017.04.25"]
[Round "6.11"]
[White "×åðòêîâ, Ìàêñèì."]
[Black "Æåëàíîâ, Ñåìåí."]
[Result "0-1"]
[WhiteElo "1368"]
[BlackElo "1502"]
[PlyCount "164"]
[EventDate "2017.04.20"]

1. e4 Nf6 2. e5 Nd5 3. d4 d6 4. c4 Nb6 5. exd6 cxd6 6. Nc3 g6 7. Be3 Bg7 8. Rc1
O-O 9. b3 Nc6 10. Be2 e5 11. dxe5 dxe5 12. Qxd8 Rxd8 13. Nb5 Nd4 14. Nxd4 exd4
15. Rd1 Bf5 16. Bg5 Rd7 17. g4 Bc2 18. Rd2 d3 19. c5 Nc8 20. Bf3 Ne7 21. Ne2
Re8 22. O-O dxe2 23. Rxd7 exf1=Q+ 24. Kxf1 Nc6 25. Rxb7 Bd3+ 26. Kg2 Be4 27.
Bxe4 Rxe4 28. h3 h6 29. Be3 Re7 30. Rb5 Nd4 31. Rb8+ Kh7 32. Rd8 Ne6 33. Rd6
Be5 34. Rd1 Rc7 35. b4 Nf4+ 36. Kf3 g5 37. h4 Kg6 38. hxg5 hxg5 39. b5 f5 40.
c6 Rh7 41. Rg1 fxg4+ 42. Ke4 Re7 43. Rxg4 Bd6+ 44. Kd4 Kf5 45. f3 Bc7 46. Bc1
Ne2+ 47. Kd5 Nxc1 48. Ra4 Bb6 49. Kd6 Rh7 50. a3 Nd3 51. Rc4 Rh6+ 52. Ke7 Re6+
53. Kf8 Bc5+ 54. Kg7 Rg6+ 55. Kh7 Kf6 56. Re4 Rg7+ 57. Kh6 Bf8 58. Re8 Rg6+ 59.
Kh5 Rh6+ 60. Kg4 Rh4+ 61. Kg3 Bd6+ 62. Kg2 Nf4+ 63. Kf2 Rh2+ 64. Ke1 Nd3+ 65.
Kd1 Bf4 66. Re2 Rxe2 67. Kxe2 Nc5 68. Kd1 Ke5 69. Kc2 Kd4 70. Kb2 Ke3 71. Kc3
Kxf3 72. Kc4 g4 73. Kxc5 g3 74. b6 axb6+ 75. Kxb6 g2 76. a4 g1=Q+ 77. Ka6 Bb8
78. a5 Qa7+ 79. Kb5 Bc7 80. a6 Qb6+ 81. Kc4 Qxc6+ 82. Kd4 Bb6+ 0-1

[Event "Ì11Ï"]
[Site "Loo"]
[Date "2017.04.25"]
[Round "6.12"]
[White "Ëåáçàê, ßðîñëàâ."]
[Black "Äîâáíÿ, Íèêèòà."]
[Result "1-0"]
[WhiteElo "1492"]
[BlackElo "1408"]
[PlyCount "83"]
[EventDate "2017.04.20"]

1. e4 e6 2. d4 d5 3. e5 c5 4. c3 Qb6 5. Nf3 Nc6 6. a3 Nge7 7. b4 cxd4 8. cxd4
Nf5 9. Be3 Be7 10. Bd3 f6 11. Bxf5 exf5 12. Nc3 Be6 13. Rc1 O-O 14. exf6 Bxf6
15. Na4 Qd8 16. Nc5 Qe7 17. O-O b6 18. Nxe6 Qxe6 19. Re1 Qd7 20. Bf4 h6 21. Ne5
Bxe5 22. Bxe5 Rac8 23. f4 Ne7 24. Qf3 Rxc1 25. Rxc1 Rc8 26. Re1 Kh7 27. Qh5 g6
28. Qh4 Ng8 29. Qh3 Ne7 30. Qe3 Ng8 31. h4 h5 32. Qb3 b5 33. Ra1 Rc4 34. a4 a6
35. Qa3 Qc6 36. axb5 Qxb5 37. Qxa6 Rxb4 38. Qxb5 Rxb5 39. Ra7+ Kh6 40. Bg7+ Kh7
41. Bf6+ Kh6 42. Bg5# 1-0

[Event "Ì11Ï"]
[Site "Loo"]
[Date "2017.04.25"]
[Round "6.13"]
[White "Êîïûëîâ, Àðò¸ì."]
[Black "Ãàãàðèíîâ, Àíäðåé."]
[Result "0-1"]
[WhiteElo "1481"]
[BlackElo "1297"]
[PlyCount "108"]
[EventDate "2017.04.20"]

1. d4 d5 2. Nf3 e6 3. c4 Nf6 4. g3 Be7 5. Bg2 O-O 6. O-O dxc4 7. Qc2 b5 8. a4
b4 9. Nbd2 Bb7 10. Nxc4 Be4 11. Qd1 Nbd7 12. Nfe5 Bxg2 13. Kxg2 Nxe5 14. Nxe5
Bd6 15. Nc4 Be7 16. Qd3 Qd5+ 17. f3 c5 18. Be3 cxd4 19. Qxd4 Qxd4 20. Bxd4 Rfd8
21. Rfd1 Rac8 22. Rac1 e5 23. Nxe5 Rxc1 24. Rxc1 Rxd4 25. Rc7 Bf8 26. Rxa7 Rd2
27. Kf1 Rxb2 28. Nc6 Rb1+ 29. Kg2 g6 30. a5 Bc5 31. Rb7 b3 32. Ne5 b2 33. Kh3
Bd4 34. Nc4 Ra1 35. Nxb2 Bxb2 36. Rxb2 Rxa5 37. e4 Re5 38. Rb7 Kf8 39. Kg2 Re7
40. Rxe7 Kxe7 41. Kf2 Ke6 42. Ke3 h6 43. f4 Ng4+ 44. Kf3 Nxh2+ 45. Kg2 Ng4 46.
Kf3 Nf6 47. Ke3 Nh5 48. g4 Nf6 49. Kf3 Nxg4 50. Kxg4 h5+ 51. Kg5 f6+ 52. Kxg6
h4 53. e5 f5 54. Kg5 h3 0-1

[Event "Ì11Ï"]
[Site "Loo"]
[Date "2017.04.25"]
[Round "6.14"]
[White "Òðóõàíîâ, Ìèõàèë."]
[Black "Áîëäûðåâ, Ãëåá."]
[Result "0-1"]
[WhiteElo "1342"]
[BlackElo "1500"]
[PlyCount "112"]
[EventDate "2017.04.20"]

1. Nf3 d5 2. g3 Nf6 3. Bg2 e6 4. O-O Be7 5. d3 O-O 6. Nbd2 c6 7. Re1 Nbd7 8. e4
b6 9. e5 Ne8 10. d4 Bb7 11. c3 Nc7 12. Nf1 c5 13. Ne3 Re8 14. Nc2 Rc8 15. Bd2
Nb8 16. Rc1 Nc6 17. Be3 Rb8 18. h4 h6 19. Kh1 Rc8 20. Kg1 Na5 21. b3 Nc6 22.
Kh1 Qd7 23. Kg1 Red8 24. Kh1 Nb5 25. Na1 cxd4 26. cxd4 Nb4 27. Rxc8 Rxc8 28. a3
Nxa3 29. Bd2 Nac2 30. Nxc2 Nxc2 31. Rf1 Ba6 32. Rg1 Bb7 33. Bf1 Nb4 34. Bxb4
Bxb4 35. Bd3 Rc3 36. Kg2 Qc8 37. Rh1 Ba6 38. Bxa6 Qxa6 39. Rg1 Qa2 40. Rf1 Qxb3
41. Qxb3 Rxb3 42. Ra1 a5 43. Rc1 Rc3 44. Rb1 Kf8 45. Ra1 Ke7 46. Rb1 Kd7 47.
Ra1 Kc6 48. Rb1 Kb5 49. Ra1 a4 50. Ra2 a3 51. Ra1 Ka4 52. Nd2 Rd3 53. Nf3 Bc3
54. Ra2 Kb3 55. Re2 a2 56. Rxa2 Kxa2 0-1

[Event "Ì11Ï"]
[Site "Loo"]
[Date "2017.04.25"]
[Round "6.15"]
[White "Ñìîëèí, Àëåêñàíäð."]
[Black "Ðû÷èõèí, Âëàäèñëàâ."]
[Result "1-0"]
[WhiteElo "1361"]
[BlackElo "1491"]
[PlyCount "119"]
[EventDate "2017.04.20"]

1. d4 Nf6 2. Bf4 d5 3. e3 Bg4 4. Be2 Bxe2 5. Qxe2 c6 6. Nc3 e6 7. Nf3 Qb6 8.
O-O-O Be7 9. h3 a5 10. g4 Na6 11. Bh2 c5 12. Qb5+ Qxb5 13. Nxb5 O-O 14. Ne5
Rfd8 15. b3 Ne4 16. Rhf1 cxd4 17. exd4 Rac8 18. f3 Nd6 19. Nxd6 Bxd6 20. Rf2
Rc7 21. Nd3 Bxh2 22. Rxh2 Rdc8 23. a3 b6 24. Kb2 Nb8 25. Rc1 Nd7 26. a4 Nf6 27.
c3 Ne8 28. Rhc2 Nd6 29. Re2 g6 30. h4 Ne8 31. Rg2 Ng7 32. Rcc2 h5 33. Rg1 Kf8
34. Rgc1 hxg4 35. fxg4 Ke7 36. c4 dxc4 37. Rxc4 Rxc4 38. Rxc4 Rxc4 39. bxc4 f5
40. g5 Nh5 41. Ne5 Nf4 42. Kb3 Kd6 43. Kc2 Ne2 44. Kd3 Nf4+ 45. Ke3 Ng2+ 46.
Kf2 Nf4 47. Kf3 Nh3 48. Nxg6 e5 49. dxe5+ Ke6 50. Kg2 Nf4+ 51. Nxf4+ Kxe5 52.
Kf3 Kd4 53. g6 Kxc4 54. g7 Kb4 55. g8=Q Kxa4 56. Qc4+ Ka3 57. Nd3 b5 58. Qxb5
f4 59. Qb2+ Ka4 60. Nc5# 1-0

[Event "Ì11Ï"]
[Site "Loo"]
[Date "2017.04.25"]
[Round "6.16"]
[White "Æîñàí, ßííèñ."]
[Black "Ãðèùåíêî, Àðò¸ì."]
[Result "0-1"]
[WhiteElo "1487"]
[BlackElo "1384"]
[PlyCount "50"]
[EventDate "2017.04.20"]

1. e4 e5 2. Nf3 Nc6 3. Bc4 Nf6 4. Ng5 d5 5. exd5 Na5 6. Bb5+ c6 7. dxc6 bxc6 8.
Be2 h6 9. Nf3 e4 10. Ne5 Bc5 11. a3 Qd4 12. Rf1 Qxe5 13. c3 Be7 14. Qa4 Bd7 15.
f4 Qc7 16. d3 exd3 17. Bxd3 O-O 18. Be3 Rfe8 19. Be2 Bd6 20. Kf2 c5 21. Qc2
Bxf4 22. Bxf4 Qxf4+ 23. Bf3 Qe3+ 24. Kg3 Ne4+ 25. Kh4 Qg5# 0-1

[Event "Ì11Ï"]
[Site "Loo"]
[Date "2017.04.25"]
[Round "6.17"]
[White "Ãàëèåâ, Ýðíåñò."]
[Black "Íàóìîâ, Àðòåì."]
[Result "1-0"]
[WhiteElo "1324"]
[BlackElo "1477"]
[PlyCount "123"]
[EventDate "2017.04.20"]

1. d4 d5 2. c4 e6 3. Nf3 Nf6 4. g3 Bb4+ 5. Bd2 Be7 6. Bg2 O-O 7. O-O c6 8. Qc2
Nbd7 9. Rd1 b6 10. Ne5 Nxe5 11. dxe5 Nd7 12. Bc3 Qc7 13. f4 Ba6 14. Nd2 Nc5 15.
b4 Nd7 16. a4 Rfd8 17. b5 cxb5 18. axb5 Bb7 19. Rdc1 Rdc8 20. Bb2 dxc4 21. Qxc4
Bc5+ 22. Kh1 Bxg2+ 23. Kxg2 Qb7+ 24. Qe4 Qxe4+ 25. Nxe4 Rc7 26. Nd6 Bxd6 27.
exd6 Rxc1 28. Rxc1 Nc5 29. Ba3 Rd8 30. Bxc5 bxc5 31. Rxc5 h6 32. Rc6 f6 33. e4
e5 34. f5 Kf8 35. Kf3 Ke8 36. Ke3 Rb8 37. Kd3 Rxb5 38. Kc4 Rb2 39. Kd5 Kd7 40.
Rc7+ Kd8 41. Ke6 Rb6 42. Rxg7 Kc8 43. Rg8+ Kb7 44. Ke7 Kc6 45. Rc8+ Kb5 46. d7
Rb7 47. Ke8 Rxd7 48. Kxd7 a5 49. Ra8 a4 50. Ke6 Kb4 51. Kxf6 a3 52. Kxe5 Kb3
53. Rb8+ Kc2 54. Ra8 Kb2 55. f6 a2 56. Rxa2+ Kxa2 57. f7 Ka3 58. f8=Q+ Ka2 59.
Qb4 Ka1 60. Kd4 Ka2 61. Kc3 Ka1 62. Qb2# 1-0

[Event "Ì11Ï"]
[Site "Loo"]
[Date "2017.04.25"]
[Round "6.18"]
[White "Ãðèøèí, ßðîñëàâ."]
[Black "Êóðíîñîâ, Åãîð."]
[Result "1/2-1/2"]
[WhiteElo "1296"]
[BlackElo "1467"]
[PlyCount "99"]
[EventDate "2017.04.20"]

1. e4 d6 2. d4 Nf6 3. Nc3 g6 4. Bg5 Bg7 5. f4 c6 6. Qd2 b5 7. a3 a5 8. e5 dxe5
9. fxe5 Nd5 10. Nxd5 Qxd5 11. Nf3 Bf5 12. Bd3 Bxd3 13. Qxd3 f6 14. Bh4 O-O 15.
O-O Nd7 16. Rad1 Nb6 17. h3 Nc4 18. Qc3 Bh6 19. Rfe1 Nb6 20. Qd3 Na4 21. Rb1 b4
22. c4 bxc3 23. bxc3 g5 24. c4 Qd7 25. exf6 exf6 26. Bf2 Rab8 27. c5 Rxb1 28.
Rxb1 Nxc5 29. Qc4+ Ne6 30. g4 Qd5 31. Qxd5 cxd5 32. Rb5 Nf4 33. Kh2 Re8 34. Ng1
Ra8 35. Bg3 Bf8 36. a4 Bd6 37. Bxf4 gxf4 38. Kg2 Bb4 39. Rxd5 Re8 40. Kf3 Re1
41. Ne2 Ra1 42. Nxf4 Rxa4 43. Nd3 Ra3 44. Ke4 Bd2 45. Rd8+ Kf7 46. Ra8 a4 47.
Ra7+ Kg8 48. Ra8+ Kg7 49. Ra7+ Kg6 50. d5 1/2-1/2

[Event "Ì11Ï"]
[Site "Loo"]
[Date "2017.04.25"]
[Round "6.19"]
[White "Êðîòîâ, Äàìèàí."]
[Black "Íîâèêîâ, Äåíèñ."]
[Result "1-0"]
[WhiteElo "1466"]
[BlackElo "1393"]
[PlyCount "103"]
[EventDate "2017.04.20"]

1. d4 d5 2. Nf3 Nf6 3. Bf4 Nbd7 4. e3 e6 5. c3 c6 6. Bd3 Nb6 7. Nbd2 Bd6 8. O-O
Bxf4 9. exf4 O-O 10. Ne5 Nbd7 11. Qc2 g6 12. Ndf3 Nxe5 13. fxe5 Nd7 14. Qd2 Re8
15. Qh6 Nf8 16. Ng5 Re7 17. f4 Rc7 18. Rf3 f6 19. Nh3 c5 20. Raf1 cxd4 21. cxd4
Qe7 22. Qh4 fxe5 23. Qxe7 Rxe7 24. fxe5 Bd7 25. Ng5 Rc8 26. Nf7 Kg7 27. Nd6 Rb8
28. b3 b6 29. a4 a5 30. Ba6 h5 31. Rc3 Nh7 32. Rcf3 Ng5 33. Rf4 Bc6 34. Bd3 Nh7
35. Rf7+ Rxf7 36. Rxf7+ Kh6 37. Rc7 Be8 38. Re7 Bc6 39. Nf7+ Kg7 40. Nd8+ Kh6
41. Nxc6 Rc8 42. Rxe6 Nf8 43. Rd6 Rc7 44. Bb5 Kg5 45. Rxd5 Ne6 46. Rd6 Nf4 47.
g3 Nh3+ 48. Kg2 Kg4 49. Be2+ Kf5 50. Kxh3 Ke4 51. Bc4 Rf7 52. Bxf7 1-0

[Event "Ì11Ï"]
[Site "Loo"]
[Date "2017.04.25"]
[Round "6.20"]
[White "Ôàäååâ, Àëåêñåé."]
[Black "Ñâèðèäîâ, Ìàêñèì."]
[Result "0-1"]
[WhiteElo "1431"]
[BlackElo "1377"]
[PlyCount "72"]
[EventDate "2017.04.20"]

1. e4 c5 2. Nf3 e6 3. d3 Nc6 4. Nbd2 a6 5. g3 g6 6. Bg2 Bg7 7. O-O Nge7 8. Re1
O-O 9. Nf1 b6 10. h4 Bb7 11. N1h2 d5 12. e5 Qc7 13. Bf4 d4 14. Ng4 Nd5 15. Bg5
h5 16. Nf6+ Bxf6 17. Bxf6 Nxf6 18. exf6 Qd8 19. Ne5 Nxe5 20. Bxb7 Rb8 21. Rxe5
Qxf6 22. Rg5 Rxb7 23. Qxh5 Kg7 24. Qg4 Rd8 25. Re1 Rbd7 26. Ree5 Rd5 27. Rxd5
Rxd5 28. Rxd5 exd5 29. Kg2 Qe6 30. Qxe6 fxe6 31. Kf3 e5 32. Kg4 Kf6 33. f3 c4
34. Kh3 e4 35. Kg2 exd3 36. cxd3 c3 0-1

[Event "Ì11Ï"]
[Site "Loo"]
[Date "2017.04.25"]
[Round "6.21"]
[White "Øîâêàíü, Òàðàñ."]
[Black "Ñåïèàøâèëè, Èâàí."]
[Result "1-0"]
[WhiteElo "1278"]
[BlackElo "1431"]
[PlyCount "101"]
[EventDate "2017.04.20"]

1. e4 e5 2. Nf3 Nc6 3. Bb5 a6 4. Bxc6 dxc6 5. Nc3 Bd6 6. d4 Bg4 7. dxe5 Bxf3 8.
Qxf3 Bxe5 9. Bf4 Bxf4 10. Qxf4 Nf6 11. O-O O-O 12. Rad1 Qe7 13. h3 Rad8 14. f3
Qc5+ 15. Kh2 Qe7 16. Rfe1 Nh5 17. Qe3 Qe5+ 18. Kg1 Qg3 19. Ne2 Qe5 20. c3 Nf6
21. Nd4 Rfe8 22. Qf2 g6 23. Qh4 Kg7 24. f4 Qe7 25. e5 Nd5 26. Qxe7 Rxe7 27. c4
Nxf4 28. Nf5+ gxf5 29. Rxd8 Ne6 30. Rd2 Nc5 31. g4 fxg4 32. hxg4 Ne6 33. b4 Kg6
34. Kf2 Kg5 35. Kg3 Nf4 36. Rd8 Ng6 37. Rg8 f6 38. e6 f5 39. Re5 Kf6 40. Rxf5+
Kxe6 41. Rf1 Ne5 42. Re1 Kf7 43. Rg5 Nxc4 44. Rxe7+ Kxe7 45. Rg7+ Kd6 46. Rxh7
a5 47. bxa5 Ne5 48. Kf4 Nxg4 49. Kxg4 Kc5 50. Rxc7 Kb5 51. Rxb7+ 1-0

[Event "Ì11Ï"]
[Site "Loo"]
[Date "2017.04.25"]
[Round "6.22"]
[White "Òåòþåâ, Ñòåïàí."]
[Black "Óëüÿíîâ, Íèêèòà."]
[Result "1-0"]
[WhiteElo "1395"]
[BlackElo "1316"]
[PlyCount "107"]
[EventDate "2017.04.20"]

1. e4 Nf6 2. e5 Nd5 3. c4 Nb6 4. d4 d6 5. exd6 exd6 6. Nc3 Bf5 7. Bd3 Bxd3 8.
Qxd3 Nc6 9. a3 Be7 10. b4 a6 11. Nf3 O-O 12. O-O Re8 13. Bf4 Bf6 14. Rfe1 Rxe1+
15. Rxe1 Qd7 16. Ne4 Qf5 17. Nxf6+ Qxf6 18. Bg5 Qg6 19. Qxg6 fxg6 20. d5 Na7
21. Re7 Rc8 22. Be3 Kf8 23. Re4 h6 24. Nd4 g5 25. Ne6+ Kf7 26. Nxc7 Nd7 27.
Nxa6 bxa6 28. Bxa7 Ne5 29. c5 Nd3 30. Rd4 Nf4 31. Re4 dxc5 32. bxc5 Nxd5 33.
Re5 Rc7 34. Rxd5 Rxa7 35. Rd6 Rc7 36. Rxa6 Rxc5 37. g4 Rc3 38. a4 Ra3 39. a5
Ke7 40. Ra8 Kf6 41. a6 Kg6 42. a7 Ra4 43. Kf1 Ra2 44. Ke1 Ra3 45. Kd2 Ra4 46.
Kc3 Ra1 47. Kc4 Rc1+ 48. Kd5 Rd1+ 49. Kc6 Rc1+ 50. Kd7 Rd1+ 51. Ke8 Re1+ 52.
Kf8 Ra1 53. Kg8 h5 54. Re8 1-0

[Event "Ì11Ï"]
[Site "Loo"]
[Date "2017.04.25"]
[Round "6.23"]
[White "ßò÷åíêî, Ëåîíèä."]
[Black "Øóøóíîâ, Àëåêñåé."]
[Result "0-1"]
[WhiteElo "1233"]
[BlackElo "1394"]
[PlyCount "68"]
[EventDate "2017.04.20"]

1. e4 d6 2. d4 Nf6 3. Nc3 g6 4. Nf3 Bg7 5. g3 O-O 6. Bg2 Nc6 7. O-O Bg4 8. h3
Bxf3 9. Bxf3 e5 10. d5 Ne7 11. Kh2 Nd7 12. Bg2 f5 13. f3 f4 14. gxf4 exf4 15.
Rg1 Ne5 16. Ne2 Bh6 17. Nd4 Qd7 18. Ne6 Rf6 19. h4 c6 20. Rf1 cxd5 21. exd5 Nf5
22. Bh3 Ng3 23. Rg1 Qe7 24. Ng5 Bxg5 25. hxg5 Rff8 26. Be6+ Kg7 27. Bxf4 Rxf4
28. Rxg3 Raf8 29. Qg1 Rxf3 30. Qd4 Rxg3 31. Kxg3 Qxg5+ 32. Kh3 Rf3+ 33. Kh2 Rf4
34. Qxa7 Rh4+ 0-1

[Event "Ì11Ï"]
[Site "Loo"]
[Date "2017.04.25"]
[Round "6.25"]
[White "Íèêîëàåâ, Àðòåìèé."]
[Black "Ïîíîìàð¸â, Àíäðåé."]
[Result "0-1"]
[WhiteElo "1324"]
[BlackElo "1522"]
[PlyCount "72"]
[EventDate "2017.04.20"]

1. c4 e5 2. Nc3 d6 3. g3 f5 4. e3 Nf6 5. Bg2 g6 6. d3 Bg7 7. Nge2 O-O 8. O-O
Nbd7 9. Rb1 Nc5 10. b4 Ncd7 11. a4 Qe7 12. b5 Nc5 13. Re1 e4 14. d4 Nd3 15. Rf1
Be6 16. d5 Bd7 17. f3 Nc5 18. Nd4 exf3 19. Bxf3 Nfe4 20. Bxe4 Nxe4 21. Nxe4
Qxe4 22. Qc2 Rae8 23. Qxe4 Rxe4 24. Rf4 Rfe8 25. a5 Bh6 26. Rxe4 Rxe4 27. Rb3
Kf7 28. Kf2 Bg7 29. Bb2 g5 30. Nf3 Rxc4 31. Nxg5+ Kg6 32. h4 Rc2+ 33. Kf3 Rxb2
34. Ra3 Rxb5 35. Ra4 Rxd5 36. g4 Bxa4 0-1

[Event "Ì11Ï"]
[Site "Loo"]
[Date "2017.04.25"]
[Round "6.26"]
[White "ßðèêîâ, Àðòåì."]
[Black "Ñèìàêîâ, Âàäèì."]
[Result "1-0"]
[WhiteElo "1478"]
[BlackElo "1296"]
[PlyCount "63"]
[EventDate "2017.04.20"]

1. e4 e5 2. Nf3 Nc6 3. Bb5 a6 4. Bxc6 dxc6 5. d3 Bd6 6. Be3 Ne7 7. Nbd2 Bg4 8.
c3 b5 9. Qc2 c5 10. O-O O-O 11. a3 f5 12. h3 Bh5 13. exf5 Nxf5 14. Bg5 Qd7 15.
g4 h6 16. gxh5 hxg5 17. Nxg5 Nh4 18. Qd1 Be7 19. Nde4 Bxg5 20. Nxg5 Rf5 21. f4
Raf8 22. Qg4 Rxg5 23. fxg5 Nf5 24. Rf3 Qc8 25. Raf1 Qb7 26. Rxf5 Rd8 27. Rf8+
Rxf8 28. Qe6+ Kh7 29. Rxf8 Qa8 30. Rxa8 a5 31. a4 b4 32. Qg6# 1-0

[Event "Ì11Ï"]
[Site "Loo"]
[Date "2017.04.25"]
[Round "6.27"]
[White "Õîäüêî, Þðèé."]
[Black "Àááàñîâ, Àçèç."]
[Result "1-0"]
[WhiteElo "1309"]
[BlackElo "1471"]
[PlyCount "115"]
[EventDate "2017.04.20"]

1. e4 Nc6 2. Nf3 d6 3. d4 Bg4 4. Nc3 e6 5. Be3 Nf6 6. Be2 Be7 7. Qd2 a6 8. h3
Bh5 9. O-O-O b5 10. a3 b4 11. e5 dxe5 12. axb4 exd4 13. Nxd4 Nxd4 14. Bxd4 Bxe2
15. Nxe2 O-O 16. Qg5 Qb8 17. c3 Qb5 18. Qxb5 axb5 19. Be5 Nd5 20. Nd4 Rab8 21.
Nc6 Rb6 22. Nxe7+ Nxe7 23. Bxc7 Rb7 24. Bd6 Re8 25. Bxe7 Rbxe7 26. Rd6 Rb7 27.
Rhd1 g6 28. Rd8 Rxd8 29. Rxd8+ Kg7 30. Kd2 Kf6 31. Rd3 h5 32. Ke3 Ke5 33. f4+
Kf6 34. Rd6 Kf5 35. g3 e5 36. Rd5 f6 37. fxe5 fxe5 38. Kf3 g5 39. g4+ hxg4+ 40.
hxg4+ Ke6 41. Ke4 Kf6 42. Rxe5 Rb6 43. Rf5+ Kg6 44. Kd5 Rb8 45. Kc6 Re8 46.
Kxb5 Re4 47. c4 Rxg4 48. Rf2 Rf4 49. Rg2 g4 50. c5 Kf6 51. Re2 g3 52. c6 Rf2
53. Re1 g2 54. Rg1 Ke6 55. Kb6 Rxb2 56. b5 Ke7 57. c7 Kd7 58. Rd1+ 1-0